000
00390nam a2200133Ia 4500
008
100328s9999 xx 000 0 und d
082
_b
27564
100
_a
हरकारे अरुण.
245
_a
कल्पनेचा खेळ
260
_b
मनोरमा
630
_a
कल्पनेचा खेळ
730
_a
कल्पनेचा खेळ
942
_c
BOOK
999
_c
519412
_d
519409